000 00292nam a22001337a 4500
008 181205b xxu||||| |||| 00| 0 eng d
020 _a9780123705013
041 _aeng
080 _a573
100 _a11
101 _aBIO
245 _aBioconjugate Techniques
_cGrag.t.h
942 _2udc
_cBK
999 _c52903
_d52903